Η ελληνική αγροτική οικονομία και η δράσις της αγροτικής τραπέζης κατά το 1955

Αποθηκεύτηκε σε:
Λεπτομέρειες βιβλιογραφικής εγγραφής
Συγγραφή απο Οργανισμό/Αρχή: Αγροτική Τράπεζα της Ελλάδος
Μορφή: Βιβλίο
Γλώσσα:Greek
Δημοσίευση: Αθήναι : Αγροτική Τράπεζα της Ελλάδος, 1956.
Θέματα:
Ετικέτες: Προσθήκη ετικέτας
Δεν υπάρχουν, Καταχωρήστε ετικέτα πρώτοι!

MARC

LEADER 00000cam a2200000 i 4500
001 1/5385
008 000602s1956####gr 000 | gre||
035 |l 10061564 
040 |a GR-MY-UA  |b gre  |e aacr 
041 0 |a gre 
082 0 |a 338.109495 
110 2 |a Αγροτική Τράπεζα της Ελλάδος. 
245 1 2 |a Η ελληνική αγροτική οικονομία και η δράσις της αγροτικής τραπέζης κατά το 1955  |c Αγροτική Τράπεζα της Ελλάδος.  
260 |a Αθήναι :   |b Αγροτική Τράπεζα της Ελλάδος,   |c 1956.  
300 |a 130 σ. ;   |b πιν., σχ. 
650 0 0 |a Agriculture  |x Economic aspects  |z Greece. 
852 |a INST  |b LESVOS  |e 20000602  |h 338.109495 ΑΓΡ  |p 005100023277  |q 005100023277  |t BK  |y 0 
901 |a BIBL1-2000-2 
909 |a Λ  |b 077728 
970 |z 2000/06/ΓΕΩΡΓΙΑ